Quick access patient information on conditions, herbs & supplements / (رقم التسجيلة. 21877)

تفاصيل مارك
000 -الفاتح
حقل البيانات ثابتة الطول 01678cam a22004097a 4500
001 - رقم الضبط
رقم الضبط 15839943
003 - محدد رقم الضبط
رقم الضبط OSt
005 - وقت وتاريخ اخر تعامل مع التسجيلة
رقم الضبط 20150408114019.0
008 - عناصر البيانات ثابتة الطول - معلومات عامة
حقل البيانات ثابتة الطول 090728s2000 mau bf 000 0 eng d
010 ## - رقم ضبط مكتبة الكونجرس
رقم ضبط مكتبة الكونجرس 99096341
020 ## - الرقم الدولى المعيارى للكتب
الرقم الدولى المعيارى للكتاب 0967077281 (pbk.)
020 ## - الرقم الدولى المعيارى للكتب
الرقم الدولى المعيارى للكتاب 9780967077284 (pbk.)
035 ## - رقم ضبط النظام
رقم ضبط النظام (OCoLC)ocm43711092
040 ## - مصدر الفهرسة
وكالة الفهرسة الأصلية IAX
وكالة النسخ IAX
وكالة التعديل MIA
-- YDXCP
-- BAKER
-- DLC
042 ## - رمز التحقق
رمز التحقق lccopycat
050 00 - رقم طلب مكتبة الكونجرس
رقم التصنيف RM666.H33
رقم المادة Q53 2000
082 ## - رقم تصنيف ديوى العشرى
رقم الطبعة 22
رقم التصنيف 615.32
245 00 - بيان العنوان
العنوان Quick access patient information on conditions, herbs & supplements /
246 30 - العنوان الموازى
عنوان صحيح/عنوان مختصر Patient information on conditions, herbs & supplements
246 3# - العنوان الموازى
عنوان صحيح/عنوان مختصر Conditions, herbs and supplements
250 ## - بيان الطبعة
بيان الطبعة 1st ed.
260 ## - PUBLICATION, DISTRIBUTION, ETC. (IMPRINT)
مكان الناشر او الموزع Newton, MA :
اسم الناشر او الموزع Integrative Medicine Communications,
تاريخ النشر أو التوزيع 2000.
300 ## - الوصف المادى
التعداد 266 p. ;
أبعاد الوعاء 28 cm.
504 ## - تبصرة ببليوجرافية
تبصرة ببليوجرافية,الخ Includes bibliographical references (p. 235-266).
650 #0 - المدخل الاضافى بالموضوع-مصطلح موضوعى
مصطلح موضوعي أو اسم جغرافي كعنصر مدخل Herbs
التقسيم الفرعي العام Therapeutic use
التقسيم الفرعي الشكلي Handbooks, manuals, etc.
9 (RLIN) 11405
650 #0 - المدخل الاضافى بالموضوع-مصطلح موضوعى
مصطلح موضوعي أو اسم جغرافي كعنصر مدخل Dietary supplements
التقسيم الفرعي الشكلي Handbooks, manuals, etc.
9 (RLIN) 11371
650 #0 - المدخل الاضافى بالموضوع-مصطلح موضوعى
مصطلح موضوعي أو اسم جغرافي كعنصر مدخل Holistic medicine
التقسيم الفرعي الشكلي Handbooks, manuals, etc.
9 (RLIN) 11434
650 12 - المدخل الاضافى بالموضوع-مصطلح موضوعى
مصطلح موضوعي أو اسم جغرافي كعنصر مدخل Herbs
التقسيم الفرعي العام therapeutic use
التقسيم الفرعي الشكلي Handbooks.
9 (RLIN) 11405
650 12 - المدخل الاضافى بالموضوع-مصطلح موضوعى
مصطلح موضوعي أو اسم جغرافي كعنصر مدخل Plants, Medicinal
التقسيم الفرعي الشكلي Handbooks.
9 (RLIN) 11435
650 22 - المدخل الاضافى بالموضوع-مصطلح موضوعى
مصطلح موضوعي أو اسم جغرافي كعنصر مدخل Dietary Supplements
التقسيم الفرعي الشكلي Handbooks.
9 (RLIN) 11371
650 22 - المدخل الاضافى بالموضوع-مصطلح موضوعى
مصطلح موضوعي أو اسم جغرافي كعنصر مدخل Holistic Health
التقسيم الفرعي الشكلي Handbooks.
9 (RLIN) 11436
650 22 - المدخل الاضافى بالموضوع-مصطلح موضوعى
مصطلح موضوعي أو اسم جغرافي كعنصر مدخل Patient Education
التقسيم الفرعي الشكلي Handbooks.
9 (RLIN) 11437
710 2# - المدخل الاضافى - اسم هيئه
اسم الهيئة أو اسم السلطة كمدخل Integrative Medicine Communications.
9 (RLIN) 11438
856 42 - الوصول و الموقع الالكترونى
مواد محددة Publisher description
معرف المصدر الموحد <a href="http://www.loc.gov/catdir/enhancements/fy1003/99096341-d.html">http://www.loc.gov/catdir/enhancements/fy1003/99096341-d.html</a>
942 ## - عناصر المدخل الإضافي( كوها)
مصدر التصنيف او مخطط الترفيف Dewey Decimal Classification
Koha [default] item type كتاب
المقتنيات
حالة الفقد نموذج السعر الفعال حالة تلف ليس للاعارة رقم الطلب تاريخ الاكتساب الموقع الحالي الباركود الفرع الرئيسي Date last seen نوع المادة فى نظام كوها مصدر التصنيف او خطة الترفيف Total Checkouts
  2013-03-10     615.32 Q U A 2012-04-18 مكتبة كلية العلوم الطبية التطبيقية بالمجمعة - طالبات (AMF) 00076441 مكتبة كلية العلوم الطبية التطبيقية بالمجمعة - طالبات (AMF) 2013-03-10 كتاب Dewey Decimal Classification  
  2013-03-10     615.32 Q U A 2012-04-18 مكتبة كلية العلوم الطبية التطبيقية بالمجمعة - طالبات (AMF) 00076440 مكتبة كلية العلوم الطبية التطبيقية بالمجمعة - طالبات (AMF) 2013-03-10 كتاب Dewey Decimal Classification  
  2013-03-10     615.32 Q U A 2012-04-18 مكتبة كلية العلوم الطبية التطبيقية بالمجمعة - طالبات (AMF) 00076439 مكتبة كلية العلوم الطبية التطبيقية بالمجمعة - طالبات (AMF) 2013-03-10 كتاب Dewey Decimal Classification  
  2013-03-10     615.32 Q U A 2012-04-18 مكتبة كلية العلوم الطبية التطبيقية بالمجمعة - طالبات (AMF) 00076438 مكتبة كلية العلوم الطبية التطبيقية بالمجمعة - طالبات (AMF) 2013-03-10 كتاب Dewey Decimal Classification